Pháp luật tài chính nhà nước : Tài liệu hướng dẫn học tập

Trình bày luật tài chính trong hệ thống pháp luật Việt Nam, ngân sách nhà nước và pháp luật tài chính nhà nước, pháp luật về thu ngân sách nhà nước,...

Shranjeno v:
Bibliografske podrobnosti
Glavni avtor: Lê, Thị Nguyệt Châu
Format: Knjiga
Jezik:Undetermined
Izdano: Cần Thơ Nxb. Đại học Cần Thơ 2013
Teme:
Oznake: Označite
Brez oznak, prvi označite!
Thư viện lưu trữ: Trung tâm Học liệu Trường Đại học Cần Thơ
LEADER 01030nam a2200229Ia 4500
001 CTU_229910
008 210402s9999 xx 000 0 und d
082 |a 343.59703 
082 |b Ch125 
100 |a Lê, Thị Nguyệt Châu 
245 0 |a Pháp luật tài chính nhà nước : 
245 0 |b Tài liệu hướng dẫn học tập 
245 0 |c Lê Thị Nguyệt Châu, Lê Huỳnh Phương Chinh (Biên soạn) 
260 |a Cần Thơ 
260 |b Nxb. Đại học Cần Thơ 
260 |c 2013 
520 |a Trình bày luật tài chính trong hệ thống pháp luật Việt Nam, ngân sách nhà nước và pháp luật tài chính nhà nước, pháp luật về thu ngân sách nhà nước,... 
650 |a Tài chính công,Finance, public 
650 |x Luật và pháp luật,Law and legislation 
650 |z Việt Nam,Vietnam 
910 |b nthai 
980 |a Trung tâm Học liệu Trường Đại học Cần Thơ